|
|
|
|
| LEADER |
00000nab a2200000 a 4500 |
| 001 |
vtls008184830 |
| 003 |
SK-MaSNL |
| 005 |
20260319070627.0 |
| 008 |
160405c20050711xo |||||| | 000 b|hun |
| 015 |
|
|
|a SNBRB2005/07
|2 snkbucl
|
| 038 |
|
|
|a SNKBUCL
|
| 040 |
|
|
|a DSZK
|b slo
|c DSZK
|e AACR2
|
| 041 |
0 |
|
|a hun
|
| 044 |
|
|
|a xo
|c SK
|
| 080 |
|
|
|a 730.071.1:061.75
|2 1997
|
| 100 |
1 |
|
|a Gaál, László,
|d 1960-
|4 aut
|9 840405
|
| 245 |
1 |
0 |
|a Anonymus-szobor Hidaskürtön
|b bár Kiss Sándor szobrászművész elkerült a szülőfalujából ...
|c Gaál László
|
| 300 |
|
|
|b Fotogr.
|
| 600 |
1 |
7 |
|a Kiss, Sándor
|d 1932-
|t Anonymus (socha)
|x odhalenie
|2 snkbucl
|9 1082060
|
| 648 |
|
7 |
|a 2005
|2 snkbucl
|9 305506
|
| 651 |
|
7 |
|a Mostová (Slovensko)
|2 snkbucl
|9 75790
|
| 773 |
0 |
|
|t Új szó
|g Évf. 58, sz. 159 (11.7.2005), o. 3
|
| 852 |
|
|
|a SNK
|b KIS3GCP
|
| 852 |
|
|
|a DSZK
|b KIS3GCP
|
| 958 |
|
|
|a HU
|
| 958 |
|
|
|a SK
|
| 999 |
|
|
|c 1780002
|d 1781932
|